00845nas a2200229Ia 4500001001100000003000900011008004100020040001300061040001300074041001300087100004900100210001900149222001900168245008900187250001100276260002300287501008600310300001700396362001600413500014300429650004300572R109/D7666IT-RoPAU151124c99999999xx |||||||||||| ||und|| aIT-RoPAU cIT-RoPAU aFRANCESE aCampedelli MassimogCodice Aut. SPICS: 46308 aCOMMUNICATIONS aCommunications aCOMMUNICATIONS, N.62 (1996)bEntre Repression, Indifference Et Reduction Des Risques a1a ed. aPARISbSEUILc1996 bPaulus - SPICS - Società San Paolo EM (non-commercial uses only)cCopyright2015 a7 p. [67-73] aN.62 (1996) aTra Repressione, Indifferenza e Riduzione dei Rischi: Considerazioni Sullapolitica Italiana in Materia di Tossicodipendenza Negli Anni 90. aCOMUNICAZIONEvPUBBLICAZIONE PERIODICA